000 00541nam a2200181Ia 4500
003 GCL
008 140319s9999 xx 000 0 ara d
040 _aGCL /
_cGCL
082 0 4 _aم
_b189.2
_bا ر
100 1 _aاخوان الصفاء
245 1 0 _aرسائل اخوان الصفاء وخلان الوفاء /
_cاخوان الصفاء
260 _a[S.N] :
_bدار صادر
300 _aمتعدد
650 0 4 _aالفلسفة الاسلامية
650 0 4 _aالفلسفة
650 0 4 _aاخوان الصفا
942 _2ddc
_cREF
999 _c59365
_d59365